[Event "17. European Women's Championship 2016"]
[Site "Mamaia ROU"]
[Date "2016.05.29"]
[Round "3.32"]
[White "Mammadova, Gulnar"]
[Black "Dragomirescu, Angela"]
[Result "1/2-1/2"]
[WhiteElo "2319"]
[BlackElo "2215"]
[PlyCount "43"]
[EventDate "2016.05.27"]
[EventType "swiss"]
[EventRounds "11"]
[EventCountry "ROU"]
[Source "lmi"]
[SourceDate "2016.05.26"]

1. e4 e5 2. Nf3 Nc6 3. Bc4 Bc5 4. O-O Nf6 5. d3 O-O 6. c3 d6 7. Bb3 a6 8. h3
Ba7 9. Re1 Be6 10. Nbd2 Bxb3 11. Qxb3 Qd7 12. Nf1 h6 13. Ng3 Rfe8 14. Bd2 d5
15. Rad1 dxe4 16. dxe4 Qe6 17. Qxe6 Rxe6 18. Be3 Bxe3 19. Rxe3 g6 20. Red3 Kf8
21. Nd2 Rd8 22. Rxd8+ 1/2-1/2

[Event "17. European Women's Championship 2016"]
[Site "Mamaia ROU"]
[Date "2016.05.29"]
[Round "3.33"]
[White "Ionescu, Irina"]
[Black "Kiolbasa, Oliwia"]
[Result "1-0"]
[WhiteElo "2181"]
[BlackElo "2319"]
[PlyCount "119"]
[EventDate "2016.05.27"]
[EventType "swiss"]
[EventRounds "11"]
[EventCountry "ROU"]
[Source "lmi"]
[SourceDate "2016.05.26"]

1. e4 e5 2. Nf3 Nc6 3. Bc4 Nf6 4. d3 Be7 5. Nc3 O-O 6. a4 d6 7. h3 Na5 8. Ba2
c5 9. Bg5 Nc6 10. O-O h6 11. Bxf6 Bxf6 12. Nd5 g6 13. c3 Be6 14. Qd2 Bg7 15. b4
Kh7 16. Rab1 b6 17. Ne3 Ne7 18. Bxe6 fxe6 19. bxc5 bxc5 20. Rb7 g5 21. Qa2 d5
22. Ng4 Rb8 23. Rfb1 Rxb7 24. Rxb7 Ng6 25. Ngxe5 Nxe5 26. Nxe5 Qd6 27. d4 cxd4
28. cxd4 Kg8 29. exd5 Qxd5 30. Qxd5 exd5 31. Rxa7 Rf4 32. Nf3 Bxd4 33. Rd7 Bc3
34. Rc7 Ba5 35. Rc6 Kg7 36. Ne5 Rxa4 37. Rg6+ Kh7 38. Rd6 d4 39. Rd7+ Kg8 40.
Ng4 Ra1+ 41. Kh2 h5 42. Nf6+ Kf8 43. Nxh5 Rd1 44. Rd5 Bc7+ 45. g3 d3 46. Nf6 d2
47. Ne4 Ba5 48. Kg2 Ke7 49. Kf3 Bb4 50. Kg4 Rf1 51. Nxd2 Rxf2 52. Ne4 Re2 53.
Re5+ Kf8 54. Kxg5 Kg7 55. Kf5 Rh2 56. h4 Be1 57. Re7+ Kf8 58. Rh7 Rg2 59. g4
Ra2 60. Kg6 1-0

[Event "17. European Women's Championship 2016"]
[Site "Mamaia ROU"]
[Date "2016.05.29"]
[Round "3.35"]
[White "Gvetadze, Sofio"]
[Black "Galunova, Tsveta"]
[Result "0-1"]
[WhiteElo "2311"]
[BlackElo "2149"]
[PlyCount "94"]
[EventDate "2016.05.27"]
[EventType "swiss"]
[EventRounds "11"]
[EventCountry "ROU"]
[Source "lmi"]
[SourceDate "2016.05.26"]

1. Nf3 Nf6 2. g3 d5 3. Bg2 g6 4. O-O Bg7 5. d3 O-O 6. Nbd2 c5 7. e4 dxe4 8.
dxe4 Nc6 9. c3 h6 10. Qc2 Be6 11. Nb3 Qb6 12. Be3 Nd7 13. Nxc5 Nxc5 14. b4 Qc7
15. bxc5 Rfd8 16. Rfd1 Bc4 17. Nd4 Ne5 18. h3 Ba6 19. Nb3 Nc4 20. Bf4 e5 21.
Bc1 Rxd1+ 22. Qxd1 Rd8 23. Qe1 Bf8 24. Bf1 Kh7 25. Be3 Na3 26. Rc1 Bc4 27. Bxc4
Nxc4 28. Qe2 Nxe3 29. Qxe3 Qd7 30. Kg2 Qa4 31. Qe2 Kg8 32. Rc2 Kg7 33. Rb2 Rd7
34. Kf3 Rc7 35. Rd2 Bxc5 36. Rd5 Bb6 37. Kg2 Rxc3 38. Rxe5 Qc6 39. Rd5 Rc2 40.
Rd2 Rxd2 41. Nxd2 Qc2 42. Kf3 Qxa2 43. Qd3 Qb2 44. Kg2 a5 45. Qd5 a4 46. e5 Qd4
47. Qxb7 Qxf2+ 0-1

[Event "17. European Women's Championship 2016"]
[Site "Mamaia ROU"]
[Date "2016.05.29"]
[Round "3.36"]
[White "Rogozenco, Teodora"]
[Black "Tomilova, Elena"]
[Result "0-1"]
[WhiteElo "2104"]
[BlackElo "2305"]
[PlyCount "128"]
[EventDate "2016.05.27"]
[EventType "swiss"]
[EventRounds "11"]
[EventCountry "ROU"]
[Source "lmi"]
[SourceDate "2016.05.26"]

1. d4 Nf6 2. c4 b6 3. Nc3 Bb7 4. Qc2 d5 5. cxd5 Nxd5 6. e4 Nxc3 7. bxc3 e6 8.
Nf3 Be7 9. Bb5+ c6 10. Ba4 O-O 11. O-O Nd7 12. Rd1 Qc7 13. Qe2 b5 14. Bc2 Nb6
15. Ng5 Bxg5 16. Bxg5 f6 17. Bh4 Rae8 18. Rd3 c5 19. Bg3 e5 20. d5 Nc4 21. Rdd1
Nd6 22. f3 a5 23. Rab1 Qd7 24. Bd3 Ba6 25. Qe3 Rc8 26. a4 c4 27. Bc2 bxa4 28.
Qb6 Bb5 29. Qxa5 Ra8 30. Qb4 a3 31. Ra1 a2 32. Bf2 Ra6 33. Rd2 Rfa8 34. Bd1 f5
35. Rb2 Qc7 36. Bc5 Nb7 37. Be7 Ra5 38. Ba4 Rxa4 39. Qxb5 Qxe7 40. Qxb7 Qc5+
41. Kh1 R4a7 42. Qc6 Qxc6 43. dxc6 fxe4 44. fxe4 Kf7 45. c7 Rxc7 46. Rbxa2 Rxa2
47. Rxa2 Rd7 48. Kg1 Rd3 49. Rf2+ Ke6 50. Rf3 Rxf3 51. gxf3 Kf6 52. Kf2 Kg5 53.
Kg3 g6 54. h3 h6 55. f4+ exf4+ 56. Kf3 Kf6 57. Kxf4 g5+ 58. Kg4 Kg6 59. Kf3 h5
60. Ke3 Kf6 61. Kd4 Ke6 62. e5 g4 63. h4 g3 64. Ke3 Kxe5 0-1

[Event "17. European Women's Championship 2016"]
[Site "Mamaia ROU"]
[Date "2016.05.29"]
[Round "3.37"]
[White "Pustovoitova, Daria"]
[Black "Anghel, Maria"]
[Result "1-0"]
[WhiteElo "2304"]
[BlackElo "1703"]
[PlyCount "85"]
[EventDate "2016.05.27"]
[EventType "swiss"]
[EventRounds "11"]
[EventCountry "ROU"]
[Source "lmi"]
[SourceDate "2016.05.26"]

1. d4 d5 2. c4 e6 3. Nf3 c5 4. cxd5 exd5 5. g3 Nc6 6. Bg2 Nf6 7. O-O h6 8. Nc3
Be6 9. b3 Be7 10. dxc5 Bxc5 11. Bb2 O-O 12. Na4 Be7 13. Nd4 Qd7 14. Nxe6 fxe6
15. e4 Rad8 16. exd5 exd5 17. Qd3 Qg4 18. Rad1 Nb4 19. Qb5 Qd7 20. Qxd7 Rxd7
21. a3 Nc6 22. b4 Rfd8 23. Bh3 Rc7 24. Nc3 a6 25. Nxd5 Nxd5 26. Rxd5 Rxd5 27.
Be6+ Kf8 28. Bxd5 Rc8 29. Rc1 Bg5 30. f4 Be7 31. Be5 g6 32. Kf2 h5 33. Rc3 Bd8
34. Ke3 Bb6+ 35. Ke4 Ke7 36. h3 Ba7 37. g4 hxg4 38. hxg4 Bb6 39. f5 gxf5+ 40.
gxf5 Na7 41. f6+ Kd7 42. Rxc8 Nxc8 43. f7 1-0

[Event "17. European Women's Championship 2016"]
[Site "Mamaia ROU"]
[Date "2016.05.29"]
[Round "3.38"]
[White "Motycakova, Monika"]
[Black "Peptan, Corina-Isabela"]
[Result "0-1"]
[WhiteElo "2170"]
[BlackElo "2402"]
[PlyCount "122"]
[EventDate "2016.05.27"]
[EventType "swiss"]
[EventRounds "11"]
[EventCountry "ROU"]
[Source "lmi"]
[SourceDate "2016.05.26"]

1. e4 e6 2. d4 d5 3. Nd2 c5 4. exd5 exd5 5. Ngf3 Nc6 6. Bb5 Bd6 7. dxc5 Bxc5 8.
O-O Nge7 9. Nb3 Bd6 10. Nbd4 O-O 11. c3 Bg4 12. Qa4 Bd7 13. Bg5 f6 14. Bh4 a6
15. Be2 Bc5 16. Qd1 Re8 17. Re1 Bg4 18. Nb3 Bb6 19. Nfd4 Bxe2 20. Rxe2 Qd7 21.
Rd2 Rad8 22. Bg3 Ne5 23. Qc2 N7c6 24. Rad1 Nc4 25. Re2 Nxd4 26. Nxd4 Bxd4 27.
cxd4 Rxe2 28. Qxe2 Re8 29. Qc2 Qg4 30. f3 Qg6 31. Qxg6 hxg6 32. b3 Na3 33. Re1
Rxe1+ 34. Bxe1 Nb5 35. Bf2 Nc3 36. a4 Ne2+ 37. Kf1 Nc1 38. b4 Nd3 39. Be1 Nb2
40. a5 Kf7 41. Ke2 Ke6 42. g4 Kd7 43. Kd2 Kc6 44. Kc3 Nc4 45. Bg3 g5 46. h4
gxh4 47. Bxh4 Nd6 48. Bg3 Nf7 49. Bf4 Ng5 50. Bg3 Nxf3 51. Bf4 Ng5 52. Kc2 Ne6
53. Be3 Kb5 54. Kc3 Ka4 55. Bd2 Ng5 56. Be1 Ne4+ 57. Kb2 g6 58. Kc2 Ka3 59. Kd3
Kb3 60. Ke2 Kc4 61. Ke3 g5 0-1

[Event "17. European Women's Championship 2016"]
[Site "Mamaia ROU"]
[Date "2016.05.29"]
[Round "3.39"]
[White "Kazimova, Narmin"]
[Black "Khalafova, Narmin"]
[Result "1-0"]
[WhiteElo "2364"]
[BlackElo "2193"]
[PlyCount "153"]
[EventDate "2016.05.27"]
[EventType "swiss"]
[EventRounds "11"]
[EventCountry "ROU"]
[Source "lmi"]
[SourceDate "2016.05.26"]

1. d4 Nf6 2. c4 g6 3. Nf3 Bg7 4. g3 O-O 5. Bg2 d6 6. O-O Nbd7 7. Nc3 e5 8. e4
a6 9. dxe5 dxe5 10. Qc2 c6 11. Na4 b5 12. cxb5 cxb5 13. Nc3 Bb7 14. Rd1 Qe7 15.
a4 Rfc8 16. Qe2 b4 17. Nd5 Nxd5 18. exd5 Qd6 19. Nd2 Nc5 20. Nc4 Qf6 21. Na5
Qb6 22. Nxb7 Qxb7 23. d6 e4 24. Be3 Nd7 25. f3 b3 26. Rac1 Rc2 27. Rxc2 bxc2
28. Rc1 Rc8 29. Rxc2 Rxc2 30. Qxc2 exf3 31. Bh3 Qb4 32. Qd1 Qe4 33. Bf2 f5 34.
Bf1 a5 35. Bb5 Qe6 36. b3 Kf8 37. Bc4 Qe5 38. Bb5 Ke8 39. Qe1 Qxe1+ 40. Bxe1
Bd4+ 41. Kf1 Bb6 42. Bc6 Kd8 43. Bxf3 Nc5 44. Bc6 Nxb3 45. g4 Nc5 46. gxf5 gxf5
47. Bh4+ Kc8 48. Bf2 Kd8 49. Kg2 Nd7 50. Bh4+ Kc8 51. Bb5 Ne5 52. Bf6 Nf7 53.
Be7 Kb7 54. Bc4 Nd8 55. Bd3 Kc6 56. Bxf5 Nf7 57. d7 h6 58. Kg3 Kc7 59. Kh4 Bg1
60. h3 Nd8 61. Kh5 Nc6 62. Bf8 Bh2 63. Bxh6 Ne5 64. Bd2 Nxd7 65. Bxd7 Kxd7 66.
Bxa5 Bg3 67. Kg4 Bf2 68. Bd2 Kc6 69. Bf4 Kb6 70. Bg3 Bd4 71. h4 Ka5 72. h5 Bg7
73. Kf5 Kxa4 74. Kg6 Bd4 75. h6 Kb5 76. h7 Kc6 77. Bh4 1-0

[Event "17. European Women's Championship 2016"]
[Site "Mamaia ROU"]
[Date "2016.05.29"]
[Round "3.40"]
[White "Makropoulou, Marina"]
[Black "Rudolf, Anna"]
[Result "1/2-1/2"]
[WhiteElo "2143"]
[BlackElo "2301"]
[PlyCount "113"]
[EventDate "2016.05.27"]
[EventType "swiss"]
[EventRounds "11"]
[EventCountry "ROU"]
[Source "lmi"]
[SourceDate "2016.05.26"]

1. e4 e5 2. Nf3 Nc6 3. Nc3 Nf6 4. Bb5 Bc5 5. O-O O-O 6. d3 d6 7. Na4 Nd4 8.
Nxd4 Bxd4 9. c3 a6 10. cxd4 axb5 11. Nc3 b4 12. Ne2 exd4 13. Nxd4 c5 14. Ne2 d5
15. e5 Ng4 16. d4 c4 17. f3 Nh6 18. Bxh6 gxh6 19. Qd2 Qb6 20. Nf4 Rd8 21. Nh5
Bf5 22. Nf6+ Kg7 23. Qf4 Bg6 24. h4 Qe6 25. g4 Bd3 26. Rfd1 Bc2 27. Rd2 b3 28.
Rxc2 bxc2 29. Qd2 Qb6 30. Kg2 Qxb2 31. Rc1 Ra6 32. Rxc2 Qb1 33. a4 Rb6 34. Kg3
Qg1+ 35. Kf4 Rb3 36. Rc3 Qb1 37. Rxb3 cxb3 38. Qa5 Qc1+ 39. Kg3 Rc8 40. Nh5+
Kg8 41. Qb6 Qc6 42. Qxb3 Ra8 43. Nf6+ Kf8 44. Qb4+ Kg7 45. Qb1 Rh8 46. Nh5+ Kg8
47. Qb4 Qc1 48. Kf2 Qc2+ 49. Ke3 Qc1+ 50. Ke2 Qc2+ 51. Ke3 Qc1+ 52. Kf2 Qc2+
53. Kg3 Qc1 54. Kf2 Qc2+ 55. Ke3 Qc1+ 56. Ke2 Qc2+ 57. Ke3 1/2-1/2

[Event "17. European Women's Championship 2016"]
[Site "Mamaia ROU"]
[Date "2016.05.29"]
[Round "3.41"]
[White "Narva, Regina"]
[Black "Hojjatova, Aydan"]
[Result "0-1"]
[WhiteElo "2019"]
[BlackElo "2300"]
[PlyCount "128"]
[EventDate "2016.05.27"]
[EventType "swiss"]
[EventRounds "11"]
[EventCountry "ROU"]
[Source "lmi"]
[SourceDate "2016.05.26"]

1. e4 e6 2. d4 d5 3. Nc3 Bb4 4. exd5 exd5 5. Bd3 Nf6 6. Nge2 O-O 7. O-O Re8 8.
a3 Bd6 9. Bf4 Bxf4 10. Nxf4 Nc6 11. Bb5 Qd6 12. Qd2 Bf5 13. Nfe2 a6 14. Ng3 Bd7
15. Be2 Ne7 16. Rad1 Rad8 17. b4 b5 18. Ra1 c6 19. Nd1 Ng6 20. Ne3 Nf4 21. Bf3
g6 22. c3 h5 23. a4 Nh7 24. axb5 axb5 25. Ra6 Ng5 26. Bd1 h4 27. Ne2 Nxg2 28.
Nc1 Nf4 29. Nd3 Bh3 30. Ne5 Ne4 31. Qc1 Qf6 32. Rxc6 Qg5+ 33. N3g4 Rxe5 34. f3
Ree8 35. fxe4 Bxg4 36. Qxf4 Qxf4 37. Rxf4 Bxd1 38. Rc7 Rc8 39. Rb7 Rb8 40. Rd7
Rbd8 41. Rb7 Rb8 42. Rd7 Red8 43. Re7 Rf8 44. exd5 Rbd8 45. Rc7 Bb3 46. Rc5
Rxd5 47. Rxh4 Re8 48. Kf2 Bc4 49. Rh3 Re2+ 50. Kf3 Rc2 51. Ke4 Re2+ 52. Kf3 Re1
53. Kf2 Rf1+ 54. Kg2 Rdf5 55. Rxf5 Rxf5 56. Re3 Kf8 57. Kg3 Be6 58. Re1 Ke7 59.
Re3 Kd6 60. Kg2 Kd5 61. Kg3 Kc4 62. Kg2 Bd5+ 63. Kg3 Rf1 64. h4 Rc1 0-1

[Event "17. European Women's Championship 2016"]
[Site "Mamaia ROU"]
[Date "2016.05.29"]
[Round "3.42"]
[White "Galojan, Lilit"]
[Black "Utiatskaja, Irina"]
[Result "1-0"]
[WhiteElo "2296"]
[BlackElo "2181"]
[PlyCount "81"]
[EventDate "2016.05.27"]
[EventType "swiss"]
[EventRounds "11"]
[EventCountry "ROU"]
[Source "lmi"]
[SourceDate "2016.05.26"]

1. d4 Nf6 2. c4 g6 3. g3 Bg7 4. Bg2 O-O 5. Nf3 d6 6. O-O Nc6 7. Nc3 Bf5 8. h3
Ne4 9. Bd2 Re8 10. e3 Rb8 11. Rc1 a6 12. b3 h6 13. Kh2 e5 14. d5 Ne7 15. Ne1
Nxd2 16. Qxd2 Bd7 17. Nd3 f5 18. e4 Kh7 19. f4 exf4 20. Nxf4 Ng8 21. Rce1 Qf6
22. Rf3 Qd4 23. Rd3 Qb6 24. Ne6 Bxe6 25. dxe6 f4 26. gxf4 Rxe6 27. Nd5 Qc5 28.
b4 Qc6 29. e5 Qd7 30. c5 Qf7 31. Nc3 Qf8 32. Bd5 Re7 33. cxd6 cxd6 34. Bxg8+
Kxg8 35. Rxd6 Rf7 36. Nd5 g5 37. e6 Rf5 38. e7 Qf7 39. Rd8+ Kh7 40. Rxb8 Rxd5
41. Qc2+ 1-0

[Event "17. European Women's Championship 2016"]
[Site "Mamaia ROU"]
[Date "2016.05.29"]
[Round "3.43"]
[White "Belenkaya, Dina"]
[Black "Salimova, Nurgyul"]
[Result "1-0"]
[WhiteElo "2289"]
[BlackElo "2160"]
[PlyCount "124"]
[EventDate "2016.05.27"]
[EventType "swiss"]
[EventRounds "11"]
[EventCountry "ROU"]
[Source "lmi"]
[SourceDate "2016.05.26"]

1. e4 c5 2. Nf3 Nc6 3. Bb5 g6 4. O-O Bg7 5. Re1 e5 6. Bxc6 dxc6 7. d3 Ne7 8.
Be3 b6 9. Nbd2 O-O 10. a3 Be6 11. b4 cxb4 12. axb4 Qc7 13. Ra6 Rad8 14. Qa1 Nc8
15. Ng5 Bd7 16. Nc4 f6 17. Nf3 Be6 18. Nfd2 Rf7 19. Qc3 Bf8 20. Rb1 c5 21. b5
Bg7 22. Nf3 Bg4 23. Nfd2 Be6 24. Nf3 Bg4 25. Qb3 Bxf3 26. gxf3 Qd7 27. Kg2 f5
28. h3 f4 29. Bd2 Qe7 30. Rh1 Qg5+ 31. Kf1 Qe7 32. Bc3 Bf6 33. Ke2 Re8 34. Bb2
Qd7 35. Ra4 Qc7 36. Nd2 Rd8 37. Nb1 Qd7 38. Nc3 Nd6 39. h4 h6 40. Rha1 Nc8 41.
Nd5 Bg7 42. c3 Kh7 43. d4 exd4 44. cxd4 Qe6 45. Rd1 Rfd7 46. Kf1 Ne7 47. dxc5
Bxb2 48. Qxb2 Nxd5 49. Rxd5 Qh3+ 50. Ke2 Rxd5 51. exd5 Re8+ 52. Kd2 Qd7 53. Qa2
Re7 54. c6 Qd6 55. Rd4 Qc5 56. Qb2 Re5 57. Qb4 Qxb4+ 58. Rxb4 Rxd5+ 59. Kc3 Rd8
60. Rd4 Rc8 61. Rd7+ Kg8 62. c7 Kh8 1-0

[Event "17. European Women's Championship 2016"]
[Site "Mamaia ROU"]
[Date "2016.05.29"]
[Round "3.44"]
[White "Sedina, Elena"]
[Black "Sviridova, Vlada"]
[Result "1/2-1/2"]
[WhiteElo "2287"]
[BlackElo "2137"]
[PlyCount "154"]
[EventDate "2016.05.27"]
[EventType "swiss"]
[EventRounds "11"]
[EventCountry "ROU"]
[Source "lmi"]
[SourceDate "2016.05.26"]

1. e4 c6 2. c4 d5 3. exd5 cxd5 4. cxd5 Nf6 5. Nc3 Nxd5 6. Nf3 Nc6 7. Bb5 e6 8.
O-O Bd6 9. Re1 O-O 10. d4 Bd7 11. Bd3 h6 12. a3 Re8 13. Bc2 Nf6 14. Ne5 Ne7 15.
Bf4 Bc6 16. Qd3 Ned5 17. Bg3 Rc8 18. Nxc6 bxc6 19. Be5 Nxc3 20. Qxc3 c5 21. Ba4
cxd4 22. Qxd4 Bxe5 23. Qxe5 Re7 24. Rad1 Qb6 25. h3 Rec7 26. Rd6 Qc5 27. Qxc5
Rxc5 28. Ra6 R8c7 29. Rd1 Nd5 30. Kf1 Kf8 31. Bb3 Nb6 32. a4 Ke7 33. a5 Nc8 34.
Ba4 Rc4 35. b3 Rc2 36. Bb5 Rc1 37. Rxc1 Rxc1+ 38. Ke2 Rc2+ 39. Ke3 Rc3+ 40. Kd4
Rxb3 41. Bc6 g5 42. Bf3 Rb2 43. Ke3 f5 44. g3 Rb3+ 45. Ke2 Rb5 46. Bc6 Rb2+ 47.
Ke3 Rb4 48. Ke2 h5 49. h4 gxh4 50. gxh4 Rxh4 51. Bb7 Rc4 52. Bxc8 Rxc8 53.
Rxa7+ Kf6 54. Rh7 Ra8 55. Rxh5 Rxa5 56. Rh6+ Ke5 57. Kf3 Ra3+ 58. Kg2 f4 59.
Rh8 Ke4 60. Rb8 e5 61. Rb4+ Kf5 62. f3 Ra2+ 63. Kf1 Kg5 64. Rb5 Kh4 65. Rxe5
Kg3 66. Rb5 Ra3 67. Rf5 Kxf3 68. Kg1 Ra1+ 69. Kh2 Ra2+ 70. Kg1 Rg2+ 71. Kf1 Rh2
72. Kg1 Rh6 73. Rf8 Rd6 74. Rf7 Rd1+ 75. Kh2 Rf1 76. Ra7 Re1 77. Rf7 Ke3
1/2-1/2

[Event "17. European Women's Championship 2016"]
[Site "Mamaia ROU"]
[Date "2016.05.29"]
[Round "3.45"]
[White "Rodshtein, Tereza"]
[Black "Jap Tjoen San, Linda"]
[Result "1-0"]
[WhiteElo "2263"]
[BlackElo "2116"]
[PlyCount "35"]
[EventDate "2016.05.27"]
[EventType "swiss"]
[EventRounds "11"]
[EventCountry "ROU"]
[Source "lmi"]
[SourceDate "2016.05.26"]

1. e4 c5 2. Nf3 e6 3. d4 cxd4 4. Nxd4 Nc6 5. Nc3 Qc7 6. Be3 a6 7. Be2 Nf6 8.
O-O Bb4 9. Na4 Be7 10. c4 Nxe4 11. c5 d6 12. cxd6 Bxd6 13. Bf3 f5 14. Bxe4 Nxd4
15. Qxd4 Be5 16. Qd1 fxe4 17. Rc1 Qd8 18. Qh5+ 1-0

[Event "17. European Women's Championship 2016"]
[Site "Mamaia ROU"]
[Date "2016.05.29"]
[Round "3.46"]
[White "Mamedjarova, Turkan"]
[Black "Cosman, Andreea-Marioara"]
[Result "1-0"]
[WhiteElo "2257"]
[BlackElo "2101"]
[PlyCount "158"]
[EventDate "2016.05.27"]
[EventType "swiss"]
[EventRounds "11"]
[EventCountry "ROU"]
[Source "lmi"]
[SourceDate "2016.05.26"]

1. e4 c5 2. c3 d5 3. exd5 Qxd5 4. d4 Nc6 5. Nf3 Bg4 6. Be2 cxd4 7. cxd4 e6 8.
O-O Nf6 9. Nc3 Qa5 10. h3 Bh5 11. a3 Bd6 12. Bd2 Qd8 13. Bg5 Be7 14. Be3 O-O
15. Rc1 h6 16. Qd2 Bd6 17. Rfd1 Ne7 18. Ne5 Bxe2 19. Qxe2 Ned5 20. Nxd5 Nxd5
21. Bd2 Qe7 22. Qg4 Nf6 23. Qf3 Rac8 24. Re1 Rfd8 25. Ng4 Nxg4 26. Qxg4 Rxc1
27. Bxc1 Qf6 28. Qe4 Rd7 29. Be3 Bc7 30. Rc1 Qd8 31. g3 Bb6 32. Rc4 Rc7 33.
Rxc7 Qxc7 34. h4 Qd7 35. g4 Qd5 36. Qxd5 exd5 37. Kf1 f5 38. f3 Kf7 39. Ke2
fxg4 40. fxg4 Bd8 41. h5 Ke6 42. Bf4 Bf6 43. Kd3 Kd7 44. Bb8 a6 45. Be5 Ke6 46.
Bf4 Kd7 47. Kc3 b5 48. b3 Be7 49. Be5 Bf8 50. a4 Ke6 51. Bc7 Kf6 52. Bd8+ Kf7
53. axb5 axb5 54. Bb6 b4+ 55. Kd3 Ke6 56. Ke3 Bd6 57. Kf3 Kf6 58. Bd8+ Ke6 59.
Bh4 Bc7 60. Bg3 Bb6 61. Ke3 Bd8 62. Be5 Kf7 63. Bd6 Ba5 64. Kf4 Ke6 65. Be5 Kf7
66. Bb8 Kf6 67. Be5+ Kf7 68. Kf5 Bb6 69. Bd6 Bxd4 70. Bxb4 Bf6 71. Bc5 Ke8 72.
b4 Kd7 73. b5 Kc7 74. Bf2 Kd6 75. Bg1 Bc3 76. Bh2+ Kc5 77. Be5 Bd2 78. Bxg7
Kxb5 79. Bf6 Kc4 1-0

[Event "17. European Women's Championship 2016"]
[Site "Mamaia ROU"]
[Date "2016.05.29"]
[Round "3.47"]
[White "Gitu, Paula-Alexandra"]
[Black "Sandu, Mihaela"]
[Result "0-1"]
[WhiteElo "1949"]
[BlackElo "2246"]
[PlyCount "106"]
[EventDate "2016.05.27"]
[EventType "swiss"]
[EventRounds "11"]
[EventCountry "ROU"]
[Source "lmi"]
[SourceDate "2016.05.26"]

1. e4 c5 2. Nf3 e6 3. c3 Nf6 4. e5 Nd5 5. d4 cxd4 6. cxd4 d6 7. Bc4 Nc6 8. O-O
Be7 9. h3 O-O 10. Qe2 dxe5 11. dxe5 Bd7 12. Bd2 Rc8 13. Nc3 Nxc3 14. Bxc3 Qb6
15. Rfd1 Rfd8 16. Rac1 Be8 17. Rxd8 Rxd8 18. Rd1 a6 19. Rxd8 Qxd8 20. Qd2 Qc7
21. Bd3 Qd8 22. Be4 Qxd2 23. Bxd2 Bc5 24. a3 b5 25. b4 Bb6 26. Kf1 h6 27. Ke2
Bd7 28. Bc3 Bc7 29. Kd3 Kf8 30. g3 Ke7 31. Ke2 Kd8 32. Bxc6 Bxc6 33. Bd4 Kd7
34. Nd2 Bd5 35. Nb1 Kc6 36. Nc3 g5 37. f4 gxf4 38. gxf4 Bg2 39. h4 h5 40. Kf2
Bd5 41. Kg3 Bc4 42. Bc5 Bd3 43. Kf3 Bd8 44. Bf2 a5 45. bxa5 Bxa5 46. Ne4 Bxe4+
47. Kxe4 Bd8 48. f5 Be7 49. f6 Bxa3 50. Kd3 Kd5 51. Bd4 Bc5 52. Bb2 Bf2 53. Ke2
Bd4 0-1

[Event "17. European Women's Championship 2016"]
[Site "Mamaia ROU"]
[Date "2016.05.29"]
[Round "3.48"]
[White "Unuk, Laura"]
[Black "Sucikova, Svetlana"]
[Result "1/2-1/2"]
[WhiteElo "2246"]
[BlackElo "2072"]
[PlyCount "156"]
[EventDate "2016.05.27"]
[EventType "swiss"]
[EventRounds "11"]
[EventCountry "ROU"]
[Source "lmi"]
[SourceDate "2016.05.26"]

1. d4 Nf6 2. c4 e6 3. Nf3 d5 4. g3 Be7 5. Bg2 O-O 6. O-O dxc4 7. Qc2 a6 8. a4
Bd7 9. Qxc4 Bc6 10. Bf4 Bd6 11. Qc1 Nbd7 12. Nc3 Bxf4 13. Qxf4 Bxf3 14. Qxf3 c6
15. a5 Qe7 16. Rfd1 Rfd8 17. e3 Nd5 18. Qe2 N7f6 19. Na4 Nd7 20. Qc4 Rab8 21.
Rac1 Qg5 22. e4 N5f6 23. b4 h6 24. e5 Nd5 25. Bxd5 exd5 26. Qc3 Re8 27. f4 Qg4
28. Qd3 h5 29. Rf1 h4 30. f5 hxg3 31. hxg3 Nxe5 32. dxe5 Rxe5 33. Rf4 Qg5 34.
Qf3 Rbe8 35. Qg4 Qh6 36. Qh4 Qxh4 37. gxh4 Re2 38. Nc5 R8e7 39. Rcf1 Rb2 40. f6
gxf6 41. Rg4+ Kh7 42. Rxf6 Re1+ 43. Rf1 Re7 44. Rf2 Rb1+ 45. Kg2 Kh6 46. Rf1
Rb2+ 47. Kg3 Re3+ 48. Rf3 Re7 49. Rf6+ Kh7 50. h5 Re3+ 51. Kh4 Rh2+ 52. Kg5
Re5+ 53. Kf4 Re7 54. Rf5 Kh6 55. Kg3 Ree2 56. Rf6+ Kxh5 57. Rf5+ Kh6 58. Rh4+
Rxh4 59. Kxh4 Kg6 60. Rf4 Re7 61. Kg4 f6 62. Rf1 Rh7 63. Ne6 f5+ 64. Kg3 Re7
65. Nc5 Kg5 66. Kf3 f4 67. Rg1+ Kf5 68. Rg8 Ke5 69. Rf8 Rh7 70. Re8+ Kd4 71.
Rf8 Kc4 72. Rxf4+ d4 73. Ne6 Rd7 74. Ke2 Kc3 75. Nc5 Re7+ 76. Ne4+ Kxb4 77. Kd3
Kxa5 78. Kxd4 Kb6 1/2-1/2

[Event "17. European Women's Championship 2016"]
[Site "Mamaia ROU"]
[Date "2016.05.29"]
[Round "3.49"]
[White "Narva, Mai"]
[Black "Osmanodja, Filiz"]
[Result "1-0"]
[WhiteElo "2121"]
[BlackElo "2296"]
[PlyCount "59"]
[EventDate "2016.05.27"]
[EventType "swiss"]
[EventRounds "11"]
[EventCountry "ROU"]
[Source "lmi"]
[SourceDate "2016.05.26"]

1. e4 c5 2. Nf3 d6 3. d4 cxd4 4. Nxd4 Nf6 5. Nc3 Nc6 6. Bg5 e6 7. Qd2 a6 8.
O-O-O Bd7 9. f4 b5 10. Bxf6 gxf6 11. Kb1 Qb6 12. Nxc6 Bxc6 13. f5 b4 14. Ne2 e5
15. Ng3 h5 16. h4 Qc5 17. Bd3 a5 18. Qe2 a4 19. Nxh5 Ke7 20. g4 a3 21. Bc4 axb2
22. Bb3 Bb5 23. Qd2 Ba4 24. Nxf6 Bh6 25. g5 Bxb3 26. cxb3 Rxa2 27. Kxa2 Qa5+
28. Kxb2 Qa3+ 29. Kb1 Qxb3+ 30. Qb2 1-0

[Event "17. European Women's Championship 2016"]
[Site "Mamaia ROU"]
[Date "2016.05.29"]
[Round "3.50"]
[White "Sazonova, Anastasia"]
[Black "Gevorgyan, Maria"]
[Result "1/2-1/2"]
[WhiteElo "2085"]
[BlackElo "2257"]
[PlyCount "109"]
[EventDate "2016.05.27"]
[EventType "swiss"]
[EventRounds "11"]
[EventCountry "ROU"]
[Source "lmi"]
[SourceDate "2016.05.26"]

1. d4 d5 2. c4 dxc4 3. e3 e6 4. Bxc4 c5 5. Nf3 Nf6 6. O-O a6 7. b3 b5 8. Be2
Nbd7 9. Bb2 Bb7 10. Nbd2 Rc8 11. a4 Qb6 12. dxc5 Bxc5 13. axb5 axb5 14. Nd4 Ba6
15. N2f3 O-O 16. Qd2 e5 17. Nf5 Qe6 18. b4 Qxf5 19. Rxa6 Be7 20. Bd3 Qh5 21.
Bxb5 Rfd8 22. Qe1 e4 23. Nd4 Ne5 24. Be2 Qg6 25. Kh1 Rd5 26. b5 Bd6 27. h3 Ned7
28. Qa1 Qg5 29. Ra8 Rf8 30. Rxf8+ Nxf8 31. b6 Ra5 32. Qb1 Qc5 33. Ba1 Ra4 34.
Nc2 N6d7 35. Bd4 Qd5 36. Qb2 Ne6 37. Rd1 Nxd4 38. Rxd4 Qe5 39. g3 Bc5 40. Bb5
Bxd4 41. exd4 Ra2 42. Qxa2 Qxb5 43. Qa8+ Nf8 44. Ne3 Qxb6 45. Qxe4 Qe6 46. Qg2
Qf6 47. d5 Nd7 48. Ng4 Qd4 49. Qf3 h5 50. Ne3 g6 51. Kg2 Kg7 52. Nc2 Qd2 53.
Ne3 Qd4 54. Nc2 Qd2 55. Ne3 1/2-1/2

[Event "17. European Women's Championship 2016"]
[Site "Mamaia ROU"]
[Date "2016.05.29"]
[Round "3.51"]
[White "Grigoryan, Meri"]
[Black "Drozdova, Dina"]
[Result "0-1"]
[WhiteElo "2016"]
[BlackElo "2235"]
[PlyCount "58"]
[EventDate "2016.05.27"]
[EventType "swiss"]
[EventRounds "11"]
[EventCountry "ROU"]
[Source "lmi"]
[SourceDate "2016.05.26"]

1. c4 e5 2. Nc3 Bb4 3. Nd5 Be7 4. e4 c6 5. Nc3 Nf6 6. Nf3 d6 7. h3 Nbd7 8. d4
a6 9. Qb3 O-O 10. Be3 b5 11. a4 b4 12. Na2 Nxe4 13. Qc2 f5 14. Bd3 Nxf2 15.
Bxf2 e4 16. Be2 exf3 17. Bxf3 Rb8 18. Qd3 c5 19. Bd5+ Kh8 20. O-O Bf6 21. Be6
cxd4 22. Bxd4 Nc5 23. Bxc5 dxc5 24. Qxd8 Rxd8 25. Bxf5 Bxf5 26. Rxf5 Bxb2 27.
Rb1 Rd2 28. Kh1 Bd4 29. Nc1 Rd1+ 0-1